Countries with the Lowest Human Development Index with Exceptions - Statistics

General Stats
  • This quiz has been taken 28 times
  • The average score is 17 of 21
Answer Stats
HDI Answer % Correct
0.563 Cambodia
96%
0.493 Haiti
96%
0.586 Laos
96%
0.536 Syria
96%
0.579 Bangladesh
92%
0.624 India
92%
0.550 Pakistan
92%
0.482 Yemen
92%
0.479 Afghanistan
88%
0.556 Myanmar
85%
0.558 Nepal
85%
0.627 Tajikistan
85%
0.607 Bhutan
81%
0.605 East Timor
73%
0.638 Micronesia
65%
0.625 Honduras
62%
0.558 Kiribati
62%
0.516 Papua New Guinea
62%
0.515 Solomon Islands
62%
0.638 Guyana
54%
0.597 Vanuatu
54%
No matching quizzes found
Score Distribution
Percent of People with Each Score
Percentile by Number Answered
Your Score History
You have not taken this quiz